| 000 | 01334nam a22002297a 4500 | ||
|---|---|---|---|
| 003 | GR-AtMCL | ||
| 005 | 20251127173203.0 | ||
| 006 | a|||||r||||||||||| | ||
| 008 | s2022 enka 000|0|eng|d | ||
| 020 | _a9781802790115 | ||
| 040 |
_aGR-AtMCL _beng _dGR-AtMCL |
||
| 100 |
_aHomer, Karen _910161 |
||
| 245 | 1 | 0 |
_aLittle book of Hermès : _bthe story of the iconic fashion house / _cKaren Homer. |
| 264 | 1 |
_aLondon : _bWelbeck, _c2022. |
|
| 300 |
_a160 p. : _billustrations (black and white, and colour) ; _c19 cm. |
||
| 490 | 0 | _aLittle guides to style collection | |
| 520 | _aThe iconic bags, the instantly recognizable packaging, the celebrity fans - Hermes is the last word in luxurious accessories. Through the generations, Hermes have created innovative and exquisite accessories for the most glamorous customers. From their nineteenth-century saddlery workshop to 1960s Paris and beyond, Hermes has graced the arms and wardrobes of style icons from Grace Kelly and Jane Birkin to Victoria Beckham and Kim Kardashian. Little Book of Hermes tells the story of the evolution of the House of Hermes, through beautiful illustrations of the most coveted items and authoritative text by fashion historian Karen Homer. | ||
| 650 | 0 |
_aFashion _99926 |
|
| 650 | 0 |
_aFashion design _910081 |
|
| 942 | _cBK | ||
| 999 |
_c9971 _d9971 |
||